| 000 | 00681nam a22001697a 4500 | ||
|---|---|---|---|
| 999 |
_c63381 _d63381 |
||
| 003 | Ge_BSU | ||
| 005 | 20250926184250.0 | ||
| 008 | 250926s1963 ge ||||| |||| 00| 0 geo d | ||
| 041 | _ageo | ||
| 080 | _a908(479.222.4) თ-79 | ||
| 100 |
_aთოხაძე, პროკოფი _925891 |
||
| 245 |
_aაღმავლობის გზით / _b _cპროკოფი თოხაძე. |
||
| 264 |
_aთბილისი : _bსაბჭ. საქართველო, _c1963. |
||
| 300 |
_a207 გვ. ; _b20 სმ. |
||
| 653 | _aკომუნისტური მშენებლობა საქართველოში | ||
| 942 |
_2udc _cᲬᲘᲒᲜᲘ |
||